000 00289nam a22001337a 4500
008 171004b xxu||||| |||| 00| 0 eng d
020 _a2901429237191
041 _aeng
080 _22ND
_a159.9
100 _a48
101 _aPSI
245 _aPSYCHOLOGY
_cSCHACTER,D.L
942 _2udc
_cBK
999 _c31813
_d31813